| 000 | 01886cab a2200229 4500 | ||
|---|---|---|---|
| 001 | L131040 | ||
| 008 | 050922n2005 000 0 eng u | ||
| 035 | _a(Sirsi) u131040 | ||
| 041 | 0 | _aeng | |
| 100 | 1 | _aGordon, Warren | |
| 245 | 0 | 0 | _aCase news: Wiltshire County Council v Crest Estates, Crest Nicholson Residential and Langtree Property Company |
| 260 | _c2005 | ||
| 490 | 0 |
_aProperty Week _v70(37) 16 September 2005, 63(1) |
|
| 520 | _aThis case ([2005] EWCA Civ 1087,{2005] 41 EG 206) concerned with the payment of compensation to homeowners affected by a new road built by C. The road was constructed during a time of development to the west of Chippenham in Wiltshire and was to form part of the Chippenham West bypass. C were to construct the road with ownership eventually transferring to W who are the highway authority. An indemnity was agreed upon, from C in favour of W which covered claims and expenses arising from the works. Subsequently some residents who had bought properties near the road claimed compensation under the Land Compensation Act 1973 for the depreciation in the values of properties because of physical factors. W paid out for these claims and aimed to recover the costs from C via the indemnity. "Held:" The court ruled that the indemnity covered the construction of the road and did not extend to compensation under the 1973 Act and that C's liability ended when the road was adopted by W. | ||
| 590 | _aIKA270905 | ||
| 650 | 2 | 4 | _aHIGHWAYS ACT 1980 |
| 650 | 2 | 4 | _aTOWN AND COUNTRY PLANNING ACT 1990 S106 |
| 650 | 2 | 4 | _aLAND COMPENSATION ACT 1973 |
| 690 | _aENVIRONMENTAL AND LAND CONSULTANCY-PLANNING AND DEVELOPMENT-COMPULSORY PURCHASE AND COMPENSATION | ||
| 856 | 4 | 8 |
_uhttps://www.bailii.org/cgi-bin/markup.cgi?doc=/ew/cases/EWCA/Civ/2005/1087.html&query=langtree&method=all _zView the case free of charge at www.bailii.org... |
| 942 | _n0 | ||
| 999 |
_c75913 _d75913 |
||